[Event "Montevideo Duchamp Cup 7th"]
[Site "Montevideo"]
[Date "2024.02.01"]
[Round "1"]
[White "Lopez, Bryan"]
[Black "Morales Neyra, Flora"]
[Result "0-1"]
[WhiteElo "1354"]
[BlackElo "1829"]
[PlyCount "110"]
[EventDate "2024.02.01"]
[EventType "swiss"]
[EventRounds "9"]
[EventCountry "URU"]
[SourceTitle "CB07_2024"]
[SourceDate "2024.02.14"]
[SourceVersion "1"]
[SourceVersionDate "2024.02.14"]
[SourceQuality "1"]

1. c4 e5 2. g3 Nf6 3. Bg2 d5 4. cxd5 Nxd5 5. e3 Be6 6. Ne2 Nc6 7. Nbc3 Be7 8. 0-0 0-0 9. Re1 Ncb4 10. d4 exd4 11. Nxd4 Nxc3 12. bxc3 Nd5 13. Nxe6 fxe6 14. c4 Bf6 15. Ba3 Nc3 16. Qxd8 Rfxd8 17. Bb2 Rd2 18. Bxc3 Bxc3 19. Rac1 Ba5 20. Red1 Rad8 21. Rxd2 Rxd2 22. Bxb7 Rxa2 23. Rd1 Rd2 24. Rxd2 Bxd2 25. Kf1 Kf7 26. Ke2 Bb4 27. Kd3 a5 28. Bc6 Ke7 29. Ke4 Kd6 30. Ba4 Bc3 31. Kd3 Be1 32. f4 Kc5 33. Ke2 Kb4 34. Bd7 Bc3 35. Bxe6 c5 36. Kd1 a4 37. Bf5 a3 38. Bb1 Kb3 39. Kc1 Bb2+ 40. Kd2 a2 41. Bxa2+ Kxa2 42. Kd3 Kb3 43. e4 Bf6 44. e5 Be7 45. f5 Kb4 46. g4 Bg5 47. h3 h6 48. e6 Bf6 49. h4 Bxh4 50. Ke4 Kxc4 51. Ke5 Be7 52. f6 gxf6+ 53. Kf5 Kd5 54. Kg6 Kxe6 55. Kxh6 c4 0-1